000
00265nam a2200109Ia 4500
008
190216s9999||||xx |||||||||||||| ||und||
100
_a
Gupta S L&Amp; Sanjeev Gupta
245
0
_a
Iit Physics
260
_b
Jaiprakash Nath &co
_c
1998
300
_a
1616p
942
_c
REF
999
_c
36464
_d
36464